Kto sa zmocní telekomunikácií?

Možnosti privatizácie Slovenských telekomunikácií (ST). Prehľad o telefónnych staniciach ST a hospodársky obraz o ST. Etapy hľadania strategického partnera ST. Porovnanie vývoja hustoty hlavných telefónných staníc na sto obyvateľov. Existencia mobilných sietí a monopol ST.

Saved in:
Bibliographic Details
Main Author: Šimonovičová, Alžbeta
Format: Book Chapter
Language:Slovak
Subjects:
Tags: Add Tag
No Tags, Be the first to tag this record!

MARC

LEADER 00000naa a2200000 4500
001 r034023
005 20230919123805.4
041 0 |a slo 
044 |a SK 
245 1 0 |a Kto sa zmocní telekomunikácií?  |c Alžbeta Šimonovičová 
520 |a Možnosti privatizácie Slovenských telekomunikácií (ST). Prehľad o telefónnych staniciach ST a hospodársky obraz o ST. Etapy hľadania strategického partnera ST. Porovnanie vývoja hustoty hlavných telefónných staníc na sto obyvateľov. Existencia mobilných sietí a monopol ST. 
610 2 0 |a telekomunikácie 
610 2 0 |a monopoly 
610 2 0 |a privatizácia 
610 2 0 |a transformácia 
610 2 0 |a technika digitálna 
610 2 0 |a investície 
610 2 0 |a investori 
610 2 0 |a Slovensko 
100 1 |a Šimonovičová, Alžbeta